[Event "Las Palmas Centro Goya op"]
[Site "Las Palmas"]
[Date "2014.12.06"]
[Round "7"]
[White "Garcia Caballero, Luis"]
[Black "Menvielle Laccourreye, Augusto"]
[Result "0-1"]
[WhiteElo "1813"]
[BlackElo "2138"]
[PlyCount "60"]
[EventDate "2014.12.01"]
[EventType "swiss"]
[EventRounds "9"]
[EventCountry "ESP"]
[SourceTitle "CBM 163 Extra"]
[Source "ChessBase"]
[SourceDate "2014.12.23"]
[SourceVersion "1"]
[SourceVersionDate "2014.12.23"]
[SourceQuality "1"]

1. e4 c5 2. Nf3 d6 3. d4 cxd4 4. Nxd4 Nf6 5. Bd3 Nc6 6. c3 e6 7. 0-0 Be7 8. Be3 a6 9. c4 Ne5 10. Nc3 Nfg4 11. Nc2 Qc7 12. f3 Nxd3 13. Qxd3 Ne5 14. Qd4 Bf6 15. Qb6 Qxb6 16. Bxb6 Nxc4 17. Bd4 Nxb2 18. Bxf6 gxf6 19. Ne3 Ke7 20. Rab1 Nd3 21. Rb6 Nc5 22. Rd1 Bd7 23. Nc4 Bc6 24. Rxd6 Rhd8 25. Rxd8 Kxd8 26. a4 Kc7 27. a5 Rd8 28. Rb4 Rd3 29. Na2 Rd1+ 30. Kf2 Nd3+ 0-1

[Event "Las Palmas Insular-chT Pref"]
[Site "Las Palmas"]
[Date "2014.11.22"]
[Round "1.3"]
[White "Menvielle Laccourreye, Augusto"]
[Black "Henriquez Garcia, David"]
[Result "1/2-1/2"]
[WhiteElo "2138"]
[BlackElo "1981"]
[PlyCount "80"]
[EventDate "2014.11.22"]
[EventType "team-tourn"]
[EventRounds "14"]
[EventCountry "ESP"]
[SourceTitle "EXT 2016"]
[Source "ChessBase"]
[SourceDate "2015.10.08"]
[SourceVersion "1"]
[SourceVersionDate "2015.10.08"]
[SourceQuality "1"]
[WhiteTeam "La Caja de Canarias"]
[BlackTeam "Anand Iberia"]
[WhiteTeamCountry "ESP"]
[BlackTeamCountry "ESP"]

1. e4 d6 2. d4 e5 3. Nf3 exd4 4. Nxd4 Nf6 5. Nc3 Be7 6. Be2 0-0 7. 0-0 d5 8. exd5 Nxd5 9. Nxd5 Qxd5 10. Nb5 Qxd1 11. Rxd1 Na6 12. Bf4 Bf6 13. c3 c6 14. Nd6 Nc5 15. Rd2 Be6 16. Be3 Na4 17. Ne4 Be5 18. f4 Bc7 19. b3 Nb6 20. c4 Rad8 21. Nc5 Rxd2 22. Bxd2 Rd8 23. Be3 Bc8 24. a4 a6 25. Kf2 Nd7 26. Ne4 f5 27. Ng5 Nf6 28. c5 Nd5 29. Bc4 h6 30. Nf3 Kh7 31. g3 Nf6 32. Bd4 Ne4+ 33. Kg2 g5 34. Be3 g4 35. Ne5 Re8 36. Bd4 Nd2 37. Bf7 Bxe5 38. Bxe5 Re7 39. Rd1 Rxf7 40. Rxd2 Be6 1/2-1/2

[Event "Las Palmas Cabildo Trophy"]
[Site "Las Palmas"]
[Date "2014.04.29"]
[Round "5.3"]
[White "Natalicchio Escalante, Ricardo Nicolas"]
[Black "Menvielle Laccourreye, Augusto"]
[Result "1-0"]
[WhiteElo "2209"]
[BlackElo "2145"]
[PlyCount "101"]
[EventDate "2014.04.08"]
[EventType "swiss"]
[EventRounds "7"]
[EventCountry "ESP"]
[SourceTitle "EXT 2024"]
[Source "ChessBase"]
[SourceDate "2023.10.10"]
[SourceVersion "1"]
[SourceVersionDate "2023.10.10"]
[SourceQuality "1"]

1. d4 Nf6 2. Bg5 e6 3. Nd2 c5 4. e3 Nc6 5. c3 d5 6. Ngf3 h6 7. Bh4 Be7 8. Bd3 b6 9. 0-0 Bb7 10. Ne5 Nxe5 11. dxe5 Nd7 12. Bg3 h5 13. h3 Qc7 14. e4 c4 15. Bc2 Nc5 16. exd5 Bxd5 17. Qe2 h4 18. Bh2 Qc6 19. f3 b5 20. b3 Rc8 21. Kh1 0-0 22. Bg1 a5 23. Bd4 Rfd8 24. Rae1 Nd3 25. Bxd3 cxd3 26. Qxd3 Bc5 27. Ne4 Be7 28. Qe3 Bxe4 29. Qxe4 Rd5 30. Rc1 Qd7 31. Be3 Rd3 32. c4 Ba3 33. Rc2 a4 34. bxa4 bxc4 35. Bc1 Qd5 36. Qxh4 Rd1 37. Qf2 Bxc1 38. Rxc1 Rd2 39. Qe3 Rxa2 40. Rfd1 Qb7 41. Rxc4 Rxc4 42. Rd8+ Kh7 43. Qd3+ g6 44. Qxc4 Ra1+ 45. Kh2 Qe7 46. Qc8 g5 47. Rh8+ Kg6 48. Qg8+ Kf5 49. Rh7 Kxe5 50. Rxf7 Qd6 51. Qxg5+ 1-0

[Event "Las Palmas Cabildo Trophy"]
[Site "Las Palmas"]
[Date "2014.04.24"]
[Round "4.3"]
[White "Menvielle Laccourreye, Augusto"]
[Black "Angel Acosta, Juan Carlos"]
[Result "0-1"]
[WhiteElo "2145"]
[BlackElo "2148"]
[PlyCount "191"]
[EventDate "2014.04.08"]
[EventType "swiss"]
[EventRounds "7"]
[EventCountry "ESP"]
[SourceTitle "EXT 2024"]
[Source "ChessBase"]
[SourceDate "2023.10.10"]
[SourceVersion "1"]
[SourceVersionDate "2023.10.10"]
[SourceQuality "1"]

1. e4 c5 2. Nf3 d6 3. c3 Nf6 4. Bd3 Nc6 5. 0-0 Bg4 6. h3 Bd7 7. Bc2 Qc7 8. Re1 Rc8 9. d3 e6 10. Bg5 Be7 11. Nbd2 0-0 12. Rc1 e5 13. Nf1 Be6 14. Ne3 Qb6 15. Bb3 Rfe8 16. Nc4 Bxc4 17. dxc4 Red8 18. Qe2 Ne8 19. Bxe7 Nxe7 20. Rcd1 Nc7 21. Rd2 Ne6 22. g3 Qc7 23. Bc2 Ng6 24. Nh2 Qe7 25. Qg4 Qc7 26. h4 Ne7 27. Nf1 Nf8 28. Ne3 Nd7 29. h5 h6 30. Qh4 Nf8 31. Bd1 Nh7 32. f4 Rb8 33. Bg4 Nf6 34. Bf3 b5 35. cxb5 Rxb5 36. Nc4 Rbb8 37. Red1 d5 38. exd5 Nf5 39. Qh3 e4 40. Qxf5 exf3 41. Ne5 f2+ 42. Kxf2 Rb6 43. Nc4 Rbb8 44. Kg1 Rd7 45. Ne5 Rd6 46. c4 Re8 47. g4 Qe7 48. Re1 Qc7 49. Rde2 Rf8 50. Nd3 Qa5 51. Qe5 Rfd8 52. Qe3 Nxg4 53. Qxc5 Qxa2 54. Re8+ Kh7 55. Rxd8 Rxd8 56. d6 Qb3 57. Qf5+ Kg8 58. c5 Nf6 59. Rc1 Qb5 60. Rc3 Qa5 61. b4 Qa1+ 62. Rc1 Qd4+ 63. Nf2 Qe3 64. Rd1 Qg3+ 65. Kf1 Qf3 66. Rd3 Qc6 67. Rg3 Kf8 68. Re3 a6 69. Kg1 Qa4 70. Nd3 Qc2 71. Qe5 Kg8 72. Ne1 Qc4 73. Rc3 Qxb4 74. c6 Re8 75. d7 Rxe5 76. d8Q+ Re8 77. Qd2 Ne4 78. Qd7 Nf6 79. Qd2 Qb6+ 80. Kh1 Nd5 81. Rc1 Nc7 82. Nf3 Ne6 83. f5 Nc7 84. f6 Qb5 85. Qh2 Qd5 86. Qh3 Re2 87. fxg7 f5 88. Rb1 Re3 89. Rb8+ Re8 90. Rxe8+ Nxe8 91. Kg2 Nxg7 92. c7 Qc6 93. Qg3 a5 94. Qg6 Qxc7 95. Qxh6 Qc2+ 96. Kg3 0-1